| 000 | 00726nas a22002411i#4500 | ||
|---|---|---|---|
| 001 | 2545 | ||
| 003 | ES-MaACL | ||
| 005 | 20250814062559.0 | ||
| 007 | t| | ||
| 008 | 950801c1944 sp | | 1 ||pa d | ||
| 080 | _a460 | ||
| 245 | 0 | 0 |
_aAnuario oficial del Ministerio de Hacienda / _cMinisterio de Hacienda. |
| 260 |
_a[Madrid : _bColegio de Huérfanos del Ministerio de Hacienda], _c1944- |
||
| 300 |
_a2 v. ; _c28 cm. |
||
| 310 | _aAnual | ||
| 362 | 0 | _aAño I (1944)- | |
| 650 | 1 | 4 |
_aAdministración pública. _99646 |
| 650 | 4 |
_aInstituciones científicas y diversas _913829 |
|
| 710 | 0 | 0 |
_aEspaña. _bMinisterio de Hacienda. _93874 |
| 852 |
_aES-MaACL _jE-9847-8 |
||
| 866 | 0 | _o1944,1946-47. | |
| 999 |
_c2545 _d2545 |
||